Codificación y Descodificación en Hispanoamérica.

সংরক্ষণ করুন:
গ্রন্থ-পঞ্জীর বিবরন
অন্যান্য লেখক: Bravo Lira, Bernardino (Editor), Concha Márquez de la Plata, Sergio (Editor)
বিন্যাস: গ্রন্থ
ভাষা:স্প্যানিশ
প্রকাশিত: Santiago, Chile: Impresos Universitaria, 1998.
সংস্করন:Primera edición.
বিষয়গুলি:
ট্যাগগুলো: ট্যাগ যুক্ত করুন
কোনো ট্যাগ নেই, প্রথমজন হিসাবে ট্যাগ করুন!

MARC

LEADER 00000nam a2200000 a 4500
001 UCP4486
003 CL-VaPUC
005 20220822114340.0
008 990731e19980000CL |||||||||||||||||spa|d
999 |c 282433  |d 282431 
020 |a 956-288-136-8 
040 |c Pontificia Universidad Católica de Valparaíso 
082 0 4 |a 340.09 BRA 1998  |2 21 
100 0 |a Bravo Lira, Bernardino  |e editor  |9 431995 
245 1 0 |a Codificación y Descodificación en Hispanoamérica. 
250 |a Primera edición. 
260 |a Santiago, Chile:  |b Impresos Universitaria,  |c 1998. 
300 |a Tomo I. 
500 |a c.1 Tomo I: Donación Familia Prof. Alejandro Guzmán Brito.  
505 |a t.I: La suerte de los derechos castellano y portugués en el Nuevo Mundo durante los siglos XIX y XX. 
583 |a last modification  |c 19990731 00:00:00  |k Rodrigo Vera 
650 0 |a Codificación   |9 258568  |z América   |z Europa  |y Siglo 19-20 
650 0 |a Códigos  |9 352314 
650 0 |a Derecho civil  |9 255013 
650 0 |a Derecho común  |9 376758 
700 0 |a Concha Márquez de la Plata, Sergio  |e editor  |9 431996 
942 |c BK  |2 ddc  |n 0 
945 |d 19990731 00:00:00  |a vberengu 
952 |0 0  |1 0  |2 ddc  |4 0  |6 340_090000000000000_BRA_1998  |7 0  |8 DER_HDC  |9 324146  |a BIBDER  |b BIBDER  |d 2019-11-20  |h v.1  |i 3519295  |o 340.09 BRA 1998  |p 3519295  |r 2023-01-25  |w 2019-11-20  |x Ubicación 4to piso  |y BK  |z Este recurso debe solicitarse con anticipación  |k DER